000 00564nam a22001457a 4500
020 _a978-0-00-736162-5
082 _a823
_bAHE/B
100 _aAHERN, CECELIA
245 _aTHE BOOK OF TOMORROW
260 _aLONDON
_bHARPER COLLINS
_c2009
300 _a320
520 _aTamara Goodwin has always lived in the here and now, never giving a second thought to tomorrow. Until a traveling library arrives in her tiny village, bringing with it a mysterious, large leather-bound book locked with a gold clasp and padlock.
650 _aNOVEL
_zGREAT BRITIAN
942 _cBK
999 _c2528
_d2528